| 000 | 00675nam a2200193 a 4500 | ||
|---|---|---|---|
| 001 | 000039404 | ||
| 005 | 20240306164224.0 | ||
| 008 | 130626s1975 sp 000 0 spa d | ||
| 020 | _a843220286X | ||
| 040 |
_aDO-SdBNP _bspa _cBNPHU |
||
| 100 | 1 |
_aVargas Llosa, Mario, _d1936- _912567 |
|
| 245 | 1 | 3 |
_aLa orgía perpetua : _bFlaubert y madame bovary / _cMario Vargas Llosa. |
| 260 |
_aBarcelona : _bSeix Barral, _c1975. |
||
| 300 |
_a277 p. ; _c22 cm. |
||
| 490 | 1 |
_aBiblioteca breve _v379 |
|
| 500 | _aIncluye datos biográficos del autor en la solapa | ||
| 590 | _aPerteneció a la biblioteca personal de Aída Cartagena Portalatín | ||
| 830 | 0 |
_aBiblioteca breve _v379 _913442 |
|
| 999 |
_c38894 _d38894 |
||